The labour welfare officer (Record no. 1445589)

MARC details
000 -LEADER
fixed length control field 00519nam a2200181Ia 4500
005 - DATE AND TIME OF LATEST TRANSACTION
control field 20250923144956.0
008 - FIXED-LENGTH DATA ELEMENTS--GENERAL INFORMATION
fixed length control field 008 250917s9999 xx 000 0 eng d
037 ## - SOURCE OF ACQUISITION
Stock number Textual
040 ## - CATALOGING SOURCE
Original cataloging agency DSWL
Language of cataloging eng
Transcribing agency DSWL
041 ## - LANGUAGE CODE
Language code of text/sound track or separate title eng
Source of code eng
084 ## - COLON CLASSIFICATION NUMBER
Classification number YX;5-B, N62;3
Assigning agency DSWL
100 ## - MAIN ENTRY--PERSONAL NAME
Personal name Vaid, K.N.
9 (RLIN) 830478
245 #4 - TITLE STATEMENT
Title The labour welfare officer
Statement of responsibility, etc. by K.N. Vaid
260 ## - PUBLICATION, DISTRIBUTION, ETC.
Place of publication, distribution, etc. Delhi
Name of publisher, distributor, etc. School of Social Work
Date of publication, distribution, etc. 1962
300 ## - PHYSICAL DESCRIPTION
Extent 59 p.
942 ## - ADDED ENTRY ELEMENTS (KOHA)
Koha item type Textual
Classification part YX;5-B, N62;3
Holdings
Withdrawn status Lost status Damaged status Not for loan Home library Current library Date acquired Source of acquisition Total Checkouts Full call number Barcode Date last seen Price effective from Koha item type
        Department of Social Work Library Department of Social Work Library 2025-09-23 Through the Director P.R.A.I.U.P   YX;5-B, N62;3 SW0010891 2025-09-23 2025-09-23 Textual
Copyright @ Delhi University Library System